000 01779nam2a22002651 4500
001 rc\213179
005 20030307114353.0
010 _a5-7164-0049-3
_9200
035 _a(NLR Aleph) 008765425
090 _a7891139
_c7891139
100 _a20030307d1995 u |0rusy50 ca
101 0 _arus
102 _aRU
105 _ay |||||||||
200 1 _aБиржи. Финансовая отчетность
_dMarkt enzyclopedie
_eТермины - эквиваленты - дефиниции - регистры
_e2572 термина на рус. яз., 14700 эквивалентов на 4 яз. - англ., итал., нем., фр.
_f[Разраб. М.Ю. Алексеев и др.]
210 _d1995
215 _a683 с.
461 0 _1001rc\213177
_12001#$aЭнциклопедия рынка$eМноготом. пятиязыч. словарь-справочник$eТермины, эквиваленты, дефиниции$e2330 терминов на рус. яз., 10000 эквивалентов на 4-х яз. - англ., итал., нем., фр.$fРос. о-во содействия бизнесу$gРедкол.: Б.Г. Дякин и др.$vТ. 2
_97925264
_cМ.
_d1994-
_fРос. о-во содействия бизнесу
_nРОСБИ
_oМноготом. пятиязыч. словарь-справочник : Термины, эквиваленты, дефиниции : 2330 терминов на рус. яз., 10000 эквивалентов на 4-х яз. - англ., итал., нем., фр.
_tЭнциклопедия рынка
_vТ. 2
510 0 _aMarkt enzyclopedie
702 1 _aАлексеев
_bМ. Ю.
_gМихаил Юрьевич
_4570
801 0 _aRU
_bNLR
_gpsbo
801 1 _aRU
_bELAR
_2rusmarc
852 _aNLR
_bС
_jК-4/614
942 _cBOOK
980 _aNB